Flag trivia - Statistics

General Stats
  • This quiz has been taken 34 times
  • The average score is 6 of 20
Answer Stats
Hint Answer % Correct
Which country's flag is not a quadrilateral? Nepal
67%
How many countries have the Southern Cross on their flag? 5
58%
What is the smallest nation that uses the Union Jack? Tuvalu
58%
What country's flag has red and white stripes, with a white star on a blue corner? Liberia
54%
The flag of Mozambique features what weapon? AK-47
46%
The blue on the flag of Romania is slightly lighter than that of the very similar flag of which country?? Chad
42%
What tree is shown on the flag of Lebanon? Cedar
38%
What does the blue in Gambia's flag represent? The Gambia river
38%
The flag of Cambodia depicts what temple? Angkor Wat
33%
The flag of Germany consists of which colours? Black, red and gold
33%
What animal is present on the flags of Albania, Montenegro and Serbia? Double-headed eagle
33%
What country has purple on its flag? Dominica
25%
What three saints are represented in the Union Jack? Saint George, Saint Andrew and Saint Patrick
25%
What is indicated by the Philippines flag being flown upside down? War
17%
In which year was Denmark's flag designed? 1219
13%
Who designed the current Canadian flag? George Stanley
4%
As of June 2016, which country most recently adopted a different flag? Malawi
4%
The star on the flag of the Central African Republic is taken from the logo of what political party? MESAN
4%
As of June 2016, which country most recently modified their flag? Paraguay
4%
What is depicted on the flag of Palau? The moon
4%
No matching quizzes found
Score Distribution
Percent of People with Each Score
Percentile by Number Answered
Your Score History
You have not taken this quiz